| 000 | 00498nam a2200169 i 4500 | ||
|---|---|---|---|
| 001 | 41531 | ||
| 003 | ES-MaACL | ||
| 005 | 20251004063100.0 | ||
| 007 | t| | ||
| 008 | 030311s1930 sp ||||1| spa d | ||
| 100 | 1 |
_aCasona, Alejandro, _d1903-1965 _9171490 |
|
| 245 | 1 | 3 |
_aLa flauta del sapo _b: poemas / _cAlejandro Casona [seud.]. |
| 260 |
_aLes Valles de ArĂ¡n : _b[s.n., _c1930] ( _fImp. Casona) |
||
| 300 |
_a66 p. ; _c16 cm. |
||
| 852 |
_aES-MaACL _jB-6758 |
||
| 999 |
_c41531 _d41531 |
||